Catálogo

REVIEW OF DENTISTRY (Registro nro. 50270)

Detalles MARC
000 -LEADER
fixed length control field 00400nam a2200169 a 4500
001 - CONTROL NUMBER
control field 50270
005 - DATE AND TIME OF LATEST TRANSACTION
control field 20180714035258.0
008 - FIXED-LENGTH DATA ELEMENTS--GENERAL INFORMATION
fixed length control field 140415s1970 000 0 spa d
020 ## - INTERNATIONAL STANDARD BOOK NUMBER
International Standard Book Number 80162195X
041 ## - LANGUAGE CODE
Language code of text/sound track or separate title spa
082 ## - DEWEY DECIMAL CLASSIFICATION NUMBER
Classification number 617.6
Item number REV
245 00 - TITLE STATEMENT
Title REVIEW OF DENTISTRY
250 ## - EDITION STATEMENT
Edition statement 5a ed.
260 ## - PUBLICATION, DISTRIBUTION, ETC.
Place of publication, distribution, etc. [s.l.] :
Name of publisher, distributor, etc. C.V. MOSBY,
Date of publication, distribution, etc. 1970
300 ## - PHYSICAL DESCRIPTION
Extent 596
650 14 - SUBJECT ADDED ENTRY--TOPICAL TERM
Topical term or geographic name entry element ODONTOLOGIA
Existencias
Withdrawn status Lost status Source of classification or shelving scheme Damaged status Not for loan Collection code Home library Current library Shelving location Date acquired Source of acquisition Inventory number Total Checkouts Full call number Barcode Date last seen Date last checked out Price effective from Koha item type
    Dewey Decimal Classification     General Biblioteca Karol Wojtyla Biblioteca Karol Wojtyla Sala general 03/12/2013 Compra 151000000000000000008142   617.6 REV 7501 05/01/2026 11/02/2015 03/12/2013 Libro